Tiere A-Z nach Bild [einfach] - Statistiken

Allgemein
  • Dieses Quiz wurde 1.001 mal gespielt
  • Das Durchschnittsergebnis liegt bei 23 aus 24
Antwortstatistiken
Bildquiz Antwort % Korrekt
Bär
100%
Ameise
99%
Elefant
99%
Fuchs
99%
Giraffe
99%
Löwe
99%
Maus
99%
Delfin
98%
Igel
98%
Katze
98%
Nashorn
98%
Pinguin
98%
Schmetterling
98%
Tiger
98%
Qualle
97%
Uhu
96%
Ziege
96%
Regenwurm
95%
Jaguar
94%
Waschbär
94%
Hamster
92%
Orang-Utan
89%
Chamäleon
80%
Vogel
73%
Keine übereinstimmenden Quizze gefunden
Verteilung der Resultate
Anzahl Personen mit jedem Resultat
Perzentil nach korrekt beantworteten Fragen
Ihre Resultats-Entwicklung
Sie haben dieses Quiz noch nicht gespielt